Municipalities of Southwest Antioquia - Statistics

General Stats
  • This quiz has been taken 77 times
  • The average score is 15 of 23
Answer Stats
Hint Answer % Correct
A Amaga
84%
A Andes
83%
F Fredonia
79%
J Jerico
79%
J Jardin
78%
V Venecia
74%
B Betulia
72%
U Urrao
72%
H Hispania
69%
B Betania
67%
C Concordia
66%
T Tarso
66%
L La Pintada
64%
T Titiribi
64%
A Angelopolis
62%
C Caramanta
62%
S Salgar
62%
T Tamesis
62%
S Santa Barbara
53%
P Pueblorrico
52%
B Bolivar
50%
M Montebello
48%
V Valpariso
10%
No matching quizzes found
Score Distribution
Percent of People with Each Score
Percentile by Number Answered
Your Score History
You have not taken this quiz